000 01470cam a2200277 a 4500
001 15482487
003 ARRUPE
005 20131129145421.0
008 081010s2009 mnu b 000 0 eng
010 _a 2008043288
020 _a9780800640132 (alk. paper)
040 _aDLC
_cDLC
_dDLC
050 0 0 _aBT203
_b.D43 2009
082 0 0 _a232
_222
100 1 _aDeane-Drummond, Celia.
_94505
245 1 0 _aChrist and evolution :
_bwonder and wisdom /
_cCelia Deane-Drummond.
260 _aMinneapolis :
_bFortress Press,
_cc2009.
300 _axx, 300 p. ;
_c23 cm.
504 _aIncludes bibliographical references.
505 0 _aChristology and evolution as theodrama -- Christology secularised: a theological engagement with evolutionary psychology -- Christ as divine : incarnate wisdom -- Deep incarnation: Christ, the form of beauty -- Revisiting atonement: the drama of Christ and Shadow Sophia -- The risen Christ: a Sophianic interpretation -- Revisiting the new community: Christ in eschatological wonder -- The future of the human: transhuman evolution or human identity as imago Christi?
600 0 0 _aJesus Christ
_xPerson and offices.
_94506
650 0 _aEvolution
_xReligious aspects
_xChristianity.
_94507
906 _a7
_bcbc
_corignew
_d1
_eecip
_f20
_gy-gencatlg
942 _2lcc
_cMONOGRAPH
999 _c118875
_d118875